Statistics for Fc Barcelona Femeni 2022-23 Squad

Click here to take the quiz!

General Stats

  • This quiz has been taken 78 times
  • The average score is 16 of 26

Answer Stats

HintAnswer% Correct
11Alexia
94%
15Bronze
85%
4Maria Leon
80%
21Keira
77%
23Engen
72%
1Sandra Panos
72%
14Aitana
71%
10Carolina Graham Hansen
71%
12Patri
69%
16Rolfö
68%
2Irene Paredes
65%
6Pina
65%
13Cata Coll
62%
9Mariona
62%
17Salma Paralluelo
62%
CoachJonatan Giraldez
60%
8Marta Torrejon
58%
24Gemma Font
55%
5Jana
51%
20Oshoala
51%
7Crnogorcevic
48%
19Bruna
45%
18Geyse Ferreira
45%
3Laia Codina
45%
25Emma Ramirez
43%
22Nuria Rabano
31%

Score Distribution

Percentile by Number Answered

Percent of People with Each Score

Your Score History

You have not taken this quiz